003760000a22001090004500090001700000245006400017041001400081100003500095942001300130773010600143999001700249 aASbSeriadas10aCambios en la Amazonia colombiana en los ultimos 300 años0 aEspañol1 aCarrizosa Umaña, Julio93604 cARTICULO1 tRevista de la Academia Colombiana de Ciencias Exactas, Fisicas y Naturales332h64q119-123d1989g17 c14056d14056